000 00542nam a2200217Ia 4500
003 OSt
005 20250401103335.0
008 210329s9999||||xx |||||||||||||| ||und||
040 _cSTCPL
041 _aENG
082 _a211.8
_bALE-A
100 _aRosenberg, Alex
245 4 _aThe atheists guide to reality /
_cby Alex Rosenberg
260 _aNew York :
_bW W Norton & Company ,
_c2011 .
300 _a352 p.
_bHB
650 _aEnglish literature
650 _aAtheism
650 _aGeneral reading
942 _cBK
942 _2ddc
_n0
999 _c66588
_d66588